书目信息 |
| 题名: |
微电子电路
|
|
| 作者: | 史密斯, , 塞德雷, 著 ;周玲玲 , 蒋乐天 , 应忍冬 译 | |
| 分册: | 下册 | |
| 出版信息: | 北京 电子工业出版社 2006.07 |
|
| 页数: | 19, 339页 | |
| 开本: | 26cm | |
| 丛书名: | ||
| 单 册: | ||
| 中图分类: | TN47 | |
| 科图分类: | ||
| 主题词: | 超大规模集成电路--chao da gui mo ji cheng dian lu--教材 | |
| 电子资源: | ||
| ISBN: | 7-121-02671-6 | |
| 000 | 01232nam0 2200289 450 | |
| 001 | 012006550890 | |
| 005 | 20061130103742.18 | |
| 010 | @a7-121-02671-6@dCNY36.00 | |
| 100 | @a20061027d2006 km y0chiy0120 ea | |
| 101 | 1 | @achi@ceng |
| 102 | @aCN@b110000 | |
| 105 | @aa z 000yy | |
| 200 | 1 | @a微电子电路@Awei dian zi dian lu@d= Microelectronic circuits@h下册@f(加) Adel S. Sedra, Kenneth C. Smith著@F(jia)Adel S.Sedra,Kenneth C.Smith zhu@g周玲玲, 蒋乐天, 应忍冬等译@Gzhou ling ling,jiang yue tian,ying ren dong deng yi@zeng |
| 210 | @a北京@c电子工业出版社@d2006.07 | |
| 215 | @a19, 339页@c图@d26cm | |
| 300 | @a国外电子与通信教材系列 | |
| 330 | @a本书主要内容包括数字CMOS逻辑电路、寄存器和高级数字电路、滤波器和调协放大器、信号发生器和波形整形电路、输出级和功率放大器。 | |
| 510 | 1 | @aMicroelectronic circuits@zeng |
| 606 | 0 | @a超大规模集成电路@Achao da gui mo ji cheng dian lu@j教材 |
| 690 | @aTN47@v4 | |
| 701 | 1 | @a史密斯,@Ashi mi si,@bK. C.@g(Smith, Kenneth C.)@4著 |
| 701 | 1 | @a塞德雷,@Asai de lei,@bA. S.@g(Sedra, Adel S.)@4著 |
| 702 | 0 | @a周玲玲@Azhou ling ling@4译 |
| 702 | 0 | @a蒋乐天@Ajiang yue tian@4译 |
| 702 | 0 | @a应忍冬@Aying ren dong@4译 |
| 801 | 0 | @aCN@c20061130 |
| 905 | @a10447@dTN47@eS010:2 | |
| 微电子电路= Microelectronic circuits.下册/(加) Adel S. Sedra, Kenneth C. Smith著/周玲玲, 蒋乐天, 应忍冬等译.-北京:电子工业出版社,2006.07 |
| 19, 339页:图;26cm |
| 国外电子与通信教材系列 |
| ISBN 7-121-02671-6:CNY36.00 |
| 本书主要内容包括数字CMOS逻辑电路、寄存器和高级数字电路、滤波器和调协放大器、信号发生器和波形整形电路、输出级和功率放大器。 |
| ● |
| 相关链接 |
|
|
|
正题名:微电子电路
索取号:TN47/S010:2
 
预约/预借
| 序号 | 登录号 | 条形码 | 馆藏地/架位号 | 状态 | 备注 |
| 1 | 223707 | 202237070 | 自科库301/301自科库 28排2列2层/ [索取号:TN47/S010:2] | 在馆 | |
| 2 | 223708 | 202237089 | 自科库301/301自科库 28排2列2层/ [索取号:TN47/S010:2] | 在馆 |